| 000 | 00468nam a2200145 a 4500 | ||
|---|---|---|---|
| 001 | 000027970 | ||
| 005 | 20200930031237.0 | ||
| 008 | 110406s1946 dr 000 p spa d | ||
| 040 |
_aDO-SdBNP _bspa _cBNPHU |
||
| 100 | 1 |
_aMoreno Jimenes, Domingo, _d1894-1986 _919534 |
|
| 245 | 1 | 4 |
_aLos milenios del tercer mundo / _cDomingo Moreno Jimenes. |
| 260 |
_aCiudad Trujillo, República Dominicana : _bLibrería Dominicana, _c1946. |
||
| 300 |
_a14 p. ; _c14 cm. |
||
| 049 | _aBNPD | ||
| 999 |
_c27462 _d27462 |
||